La creación delicada: una contribución cultural contra la destrucción del ambiente
Salvato in:
| Autore principale: | |
|---|---|
| Natura: | Libro |
| Lingua: | spagnolo |
| Pubblicazione: |
Madrid
Encuentro
1987
|
| Serie: | Libros de Bolsillo, 27
|
| Soggetti: | |
| Tags: |
Aggiungi Tag
Nessun Tag, puoi essere il primo ad aggiungerne!!
|
MARC
| LEADER | 00000nam a2200000 a 4500 | ||
|---|---|---|---|
| 001 | UCW7447 | ||
| 003 | CL-VaPUC | ||
| 008 | 921215e19870000SP |||||||||||||||||spa|d | ||
| 082 | 0 | 4 | |a 333.71 |b DER |2 21 |
| 100 | 0 | |a Derrick, Christopher |e author |9 312588 | |
| 245 | 1 | 3 | |a La creación delicada: una contribución cultural contra la destrucción del ambiente |
| 300 | |a 171 p | ||
| 942 | |c BK | ||
| 945 | |d 19921215 00:00:00 | ||
| 260 | |a Madrid |b Encuentro |c 1987 | ||
| 650 | 7 | |a MEDIO AMBIENTE ASPECTOS MORALES Y ETICOS |2 CL-VaPUC |9 312589 | |
| 650 | 0 | |a Medio ambiente |x Calidad de vida |9 312590 | |
| 583 | |a last modification |c 19921215 00:00:00 |k Rodrigo Vera | ||
| 490 | 0 | |a Libros de Bolsillo, 27 | |
| 999 | |c 220195 |d 220193 | ||
| 952 | |0 0 |1 0 |4 0 |6 333_710000000000000_DER_1987 |7 0 |8 A |9 212106 |a BIBEDU |b BIBEDU |d 2019-11-15 |i 2803569 |o 333.71 DER 1987 |p 2803569 |r 2019-11-15 |w 2019-11-15 |y BK |k EDU | ||